• 首页
  • 本馆介绍
  • 公告通知
  • 最新文献
  • 馆藏检索
  • 电子资源
  • 读者导购
  • 参考咨询
  • 我的图书馆
  • 登录
  • 详细信息显示
  • 放入我的书架
  • 预约/预借图书
  • 作者相关作品
  • 分类相关作品
  • 丛书相关作品
  • 出版社相关作品

书目信息

  • 表格格式
  • 工作单格式
  • 卡片格式
题名:
布莱德雷
    
 
作者: 布莱德雷 , 布莱尔 著 ;伍乐 编译
分册:  
出版信息: 北京   中国人民解放军出版社  1985
页数: 467页
开本: 19cm
丛书名:
单 册:
中图分类: K837.125.2
科图分类:
主题词: 人物--传记 , 地理
电子资源:
ISBN: 7-5065-1067-7
000 00733nam0 2200229 45
001 0403080936
005 20040510165925.0
010    @a7-5065-1067-7@dCNY4.70
100    @a20040308d1985 km y0chiy0120 ea
101 0  @achi@ceng
105    @ab z 000yy
200 1  @a布莱德雷@ABu Lai De Lei@f(美)奥马尔·N·布莱德雷,克莱尔·布莱尔著@F(Mei)Ao Ma Er·N·Bu Lai De Lei,Ke Lai Er·Bu Lai Er Zhu@g伍乐编译
210    @a北京@c中国人民解放军出版社@d1985
215    @a467页@c附地图@d19cm
606 0  @a人物@x传记
606 0  @a地理
690    @aK837.125.2@v3
701  0 @a布莱德雷@4著
701  0 @a布莱尔@4著
702  0 @a伍乐@AWu Yue@4编译
801    @aCN@bTSTC@c20040308
905    @dK837.125.2@e275@f3@b249973-975@b249971@f1@b250248@f1
    
    布莱德雷/(美)奥马尔·N·布莱德雷,克莱尔·布莱尔著/伍乐编译.-北京:中国人民解放军出版社,1985
    467页:附地图;19cm
    
    
    ISBN 7-5065-1067-7:CNY4.70
    
●
相关链接 在E读中查询图书 在五车中查询图书 在当当中查询图书 在豆瓣中查询图书


正题名:布莱德雷     索取号:K837.125.2/275         预约/预借

序号 登录号 条形码 馆藏地/架位号 状态 备注
1 0249971   001546893   密集书库/ [索取号:K837.125.2/275] 在馆    
2 0249972   001899761   密集书库/ [索取号:K837.125.2/275] 在馆    
3 0249973   001546919   密集书库/ [索取号:K837.125.2/275] 在馆    
4 0249974   001546884   密集书库/ [索取号:K837.125.2/275] 在馆    
5 0249975   001546900   密集书库/ [索取号:K837.125.2/275] 在馆    
6 0249976   001546928   第二样本阅览室/ [索取号:K837.125.2/275] 在馆    
7 0250248   001546875   密集书库/ [索取号:K837.125.2/275] 在馆    
唐山师范学院图书馆 欢迎您!
大连网信软件有限公司© 版权所有